Joueurs présents à l'euro 2024 #2 - Statistiques

Statistiques générales
  • Ce quiz a été pris 9 fois
  • Le résultat moyen est 35 sur 312
Statistiques - réponses
Nation Poste Numéro Club Réponse % Correct
Turquie Attaquant 8 Real Madrid Arda Güler
63%
Portugal Attaquant 7 Al-Nassr Cristiano Ronaldo
63%
Espagne Attaquant 19 Barcelone Lamine Yamal
63%
Espagne Milieu 17 Athletic Bilbao Nico Williams
63%
Espagne Attaquant 7 Atletico Madrid Alvaro Morata
50%
Espagne Défenseur 2 Real Madrid Dani Carvajal
50%
Espagne Attaquant 10 RB Leipzig Dani Olmo
50%
Portugal Attaquant 11 Barcelone Joao Félix
50%
Espagne Milieu 20 Barcelone Pedri
50%
Espagne Gardien 23 Athletic Bilbao Unai Simón
50%
Pays-Bas Attaquant 7 RB Leipzig Xavi Simons
50%
Espagne Défenseur 14 Al-Nassr Aymeric Laporte
38%
Portugal Milieu 10 Manchester City Bernardo Silva
38%
Portugal Milieu 8 Manchester United Bruno Fernandes
38%
Portugal Gardien 22 Porto Diogo Costa
38%
Turquie Milieu 10 Inter Milan Hakan Calhanoglu
38%
Portugal Défenseur 20 Barcelone Joao Cancelo
38%
Turquie Attaquant 19 Juventus Kenan Yildiz
38%
Espagne Milieu 21 Real Sociedad Mikel Oyarzabal
38%
Portugal Défenseur 19 PSG Nuno Mendes
38%
Portugal Défenseur 3 Porto Pepe
38%
Portugal Attaquant 17 AC Milan Rafael Leao
38%
Pologne Attaquant 9 Barcelone Robert Lewandowski
38%
Espagne Milieu 16 Manchester City Rodri
38%
Portugal Gardien 1 AS Rome Rui Patricio
38%
Suisse Milieu 23 Chicago Fire Xherdan Shaqiri
38%
Suisse Gardien 1 Inter Milan Yann Sommer
38%
Ecosse Défenseur 3 Liverpool Andrew Robertson
25%
Portugal Défenseur 24 Benfica António Silva
25%
Turquie Attaquant 21 Galatasaray Baris Alper Yilmaz
25%
Suisse Attaquant 7 AS Monaco Breel Embolo
25%
Turquie Attaquant 9 Besiktas Cenk Tosun
25%
Ecosse Attaquant 10 Southampton Ché Adams
25%
Pays-Bas Attaquant 11 Liverpool Cody Gakpo
25%
Portugal Milieu 13 PSG Danilo
25%
Suisse Milieu 6 AS Monaco Denis Zakaria
25%
Pays-Bas Défenseur 22 Inter Milan Denzel Dumfries
25%
Portugal Défenseur 5 Manchester United Diogo Dalot
25%
Portugal Attaquant 21 Liverpool Diogo Jota
25%
Suisse Milieu 26 Rennes Fabian Rieder
25%
Espagne Milieu 8 PSG Fabián Ruiz
25%
Suisse Défenseur 22 Newcastle Fabian Schär
25%
Espagne Attaquant 11 Barcelone Ferran Torres
25%
Portugal Défenseur 14 Sporting CP Gonçalo Inácio
25%
Portugal Attaquant 9 PSG Gonçalo Ramos
25%
Suisse Milieu 10 Bayer Leverkusen Granit Xhaka
25%
Turquie Attaquant 17 Fenerbahçe Irfan Can Kahveci
25%
Slovénie Gardien 1 Atletico Madrid Jan Oblak
25%
Pays-Bas Attaquant 12 Bayer Leverkusen Jeremie Frimpong
25%
Espagne Attaquant 22 Seville Jesús Navas
25%
Portugal Milieu 6 Fulham Joao Palhinha
25%
Espagne Attaquant 9 Real Madrid Joselu
25%
Portugal Gardien 12 Wolverhampton Jose Sá
25%
Turquie Attaquant 7 Galatasaray Kerem Aktürkoglu
25%
Suisse Défenseur 5 Manchester City Manuel Akanji
25%
Espagne Défenseur 24 Chelsea Marc Cucurella
25%
Portugal Milieu 16 Manchester City Matheus Nunes
25%
Pays-Bas Attaquant 10 Atlético Madrid Memphis Depay
25%
Turquie Défenseur 3 Al-Ahli Merih Demiral
25%
Turquie Défenseur 18 Fenerbahçe Mert Müldür
25%
Espagne Défenseur 4 Real Madrid Nacho
25%
Portugal Défenseur 2 Wolverhampton Nelson Semedo
25%
Turquie Milieu 6 Benfica Orkun Kökçü
25%
Portugal Milieu 25 Wolverhampton Pedro Neto
25%
Suisse Défenseur 13 Torino Ricardo Rodríguez
25%
Espagne Défenseur 3 Real Sociedad Robin Le Normand
25%
Portugal Défenseur 4 Manchester City Rúben Dias
25%
Portugal Milieu 18 Al-Hilal Rúben Neves
25%
Pays-Bas Milieu 26 Liverpool Ryan Gravenberch
25%
Turquie Milieu 15 Borussia Dortmund Salih Ozcan
25%
Pays-Bas Défenseur 6 Inter Milan Stefan De Vrij
25%
Pays-Bas Défenseur 4 Liverpool Virgil Van Dijk
25%
Portugal Milieu 23 PSG Vitinha
25%
Turquie Défenseur 14 Galatasaray Abdülkerim Bardakci
13%
Roumanie Milieu 26 Steaua Bucarest Adrian Sut
13%
Roumanie Défenseur 4 Sans Club Adrien Rus
13%
Espagne Défenseur 12 Bayer Leverkusen Alejandro Grimaldo
13%
Espagne Milieu 15 Villareal Alex Baena
13%
Espagne Gardien 13 Real Sociedad Alex Remiro
13%
Turquie Gardien 12 Manchester United Altay Bayindir
13%
Ukraine Gardien 12 Benfica Anatoliy Trubin
13%
Roumanie Défenseur 15 Al-Okhdood Andrei Burca
13%
Roumanie Défenseur 2 Rayo Vallecano Andrei Ratiu
13%
Ukraine Gardien 23 Real Madrid Andriy Lunin
13%
Ukraine Milieu 7 Dynamo Kyiv Andriy Yarmolenko
13%
Ukraine Attaquant 11 Gérone Artem Dovbyk
13%
Espagne Attaquant 26 Real Betis Ayoze Pèrez
13%
Pays-Bas Gardien 1 Brighton Bart Verbruggen
13%
Slovénie Attaquant 11 RB Leipzig Benjamin Sesko
13%
Turquie Attaquant 26 Rennes Bertug Yildirim
13%
Ecosse Milieu 14 Brighton Billy Gilmour
13%
Pays-Bas Attaquant 19 Ajax Amsterdam Brian Brobbey
13%
Suisse Défenseur 15 Wolfsburg Cèdric Zesiger
13%
Pays-Bas Défenseur 17 Gérone Daley Blind
13%
Espagne Défenseur 5 Athletic Bilbao Daniel Vivian
13%
Suisse Attaquant 19 Bologne Dan Ndoye
13%
Slovaquie Défenseur 16 Feyenoord Dávid Hancko
13%
Espagne Gardien 1 Arsenal David Raya
13%
Roumanie Attaquant 7 Muaither SC Denis Alibec
13%
Roumanie Attaquant 20 Parme Dennis Man
13%
Pays-Bas Attaquant 18 Borussia Dortmund Donyell Malen
13%
Serbie Attaquant 7 Juventus Dusan Vlahovic
13%
Turquie Défenseur 20 Fenerbahçe Ferdi Kadioglu
13%
Espagne Attaquant 25 Barcelone Fermín López
13%
Portugal Attaquant 26 Porto Francisco Conceiao
13%
Pays-Bas Milieu 8 Al-Ettifaq Georginio Wijnaldum
13%
Ecosse Défenseur 5 Norwich Grant Hanley
13%
Suisse Gardien 21 Borussia Dortmund Gregor Kobel
13%
Roumanie Milieu 10 Deportivo Alavés Ianis Hagi
13%
Pays-Bas Milieu 20 Borussia Dortmund Ian Maatsen
13%
Ukraine Défenseur 13 Bournemouth Illia Zabarnyi
13%
Turquie Milieu 16 Fenerbahçe Ismail Yüksek
13%
Slovénie Défenseur 6 Udinese Jaka Bijol
13%
Pologne Milieu 8 Brighton Jakub Moder
13%
Pologne Défenseur 5 Southampton Jan Bednarek
13%
Pays-Bas Milieu 24 PSV Eindhoven Jerdy Schouten
13%
Portugal Milieu 15 Benfica Joao Neves
13%
Pays-Bas Milieu 16 PSV Eindhoven Joey Veerman
13%
Ecosse Milieu 7 Aston Villa John Mcginn
13%
Pays-Bas Attaquant 21 Bologne Joshua Zirkzee
13%
Pays-Bas Gardien 13 Feyenoord Justin Bijlow
13%
Ecosse Défenseur 6 Real Sociedad Kieran Tierney
13%
Pologne Attaquant 23 Istanbul Basaksehir Krzysztof Piatek
13%
Pologne Gardien 12 Bologne Lukasz Skorupski
13%
Pays-Bas Défenseur 2 Feyenoord Lutsharel Geertruida
13%
Pologne Gardien 22 OGC Nice Marcin Bulka
13%
Roumanie Milieu 6 Pise Marius Marin
13%
Pays-Bas Gardien 23 Brentford Mark Flekken
13%
Slovaquie Gardien 1 Newcastle Martin Dúbravka
13%
Espagne Milieu 18 Real Sociedad Martin Zubimendi
13%
Pays-Bas Défenseur 3 Bayern Munich Matthijs De Ligt
13%
Turquie Gardien 1 Besiktas Mert Günok
13%
Suisse Milieu 20 Bologne Michel Aebischer
13%
Pays-Bas Défenseur 15 Tottenham Micky Van De Ven
13%
Espagne Milieu 6 Real Sociedad Mikel Merino
13%
Slovaquie Défenseur 14 PSG Milan Skriniar
13%
Pays-Bas Défenseur 5 Manchester City Nathan Aké
13%
Serbie Milieu 6 Seville Nemanja Gudelj
13%
Pologne Milieu 21 AS Rome Nicola Zalewski
13%
Serbie Défenseur 4 Fiorentina Nikola Milenkovic
13%
Ukraine Défenseur 17 Arsenal Oleksandr Zinchenko
13%
Pologne Milieu 10 Naples Piotr Zielinski
13%
Pologne Défenseur 19 RC Lens Przemyslaw Frankowski
13%
Roumanie Défenseur 3 Tottenham Radu Dragusin
13%
Suisse Milieu 8 Bologne Remo Freuler
13%
Suisse Milieu 17 Augsbourg Ruben Vargas
13%
Ecosse Milieu 20 Rangers Ryan Jack
13%
Turquie Défenseur 4 Fenerbahçe Samet Akaydin
13%
Serbie Milieu 22 Fulham Sasa Lukic
13%
Ecosse Milieu 4 Manchester United Scott Mctominay
13%
Slovaquie Milieu 22 Naples Stanislav Lobotka
13%
Pays-Bas Attaquant 25 Ajax Amsterdam Steven Bergwijn
13%
Pays-Bas Milieu 14 AC Milan Tijjani Reijnders
13%
Ukraine Milieu 15 Gérone Viktor Tsygankov
13%
Suisse Milieu 16 Toulouse Vincent Sierro
13%
Ukraine Défenseur 16 Everton Vitaliy Mykolenko
13%
Pologne Gardien 1 Juventus Wojciech Szczesny
13%
Pays-Bas Attaquant 9 Hoffenheim Wout Weghorst
13%
Turquie Attaquant 11 Lille Yusuf Yazici
13%
Suisse Gardien 12 Lorient Yvon Mvogo
13%
Turquie Défenseur 2 AS Rome Zeki Celik
13%
Pologne Attaquant 16 Antalyaspor Adam Buksa
0%
Slovénie Milieu 22 Panathinaikos Adam Gnezda Cerin
0%
Slovaquie Défenseur 4 Cagliari Adam Obert
0%
Slovénie Milieu 25 Spartak Trnava Adrian Zeljkovic
0%
Turquie Défenseur 13 Ankaragücü Ahmetcan Kaplan
0%
Roumanie Milieu 8 Konyaspor Alexandru Cicaldau
0%
Serbie Attaquant 9 Al-Hilal Alexsandar Mitrovic
0%
Slovénie Attaquant 9 Panathinaikos Andraz Sporar
0%
Serbie Attaquant 14 PAOK Andrija Zivkovic
0%
Ecosse Gardien 1 Norwich Angus Gunn
0%
Ecosse Défenseur 2 Celtic Anthony Ralston
0%
Suisse Milieu 24 Lucerne Ardon Jashari
0%
Pologne Défenseur 18 Empoli Bartosz Bereszynski
0%
Pologne Défenseur 2 Lech Poznan Bartosz Salamon
0%
Pologne Milieu 24 Atlanta United Bartosz Slisz
0%
Slovénie Milieu 7 Panathinaikos Benjamin Verbic
0%
Ukraine Défenseur 26 Polissya Zhytomyr Bogdan Mykhailichenko
0%
Roumanie Défenseur 24 Raków Bogdan Racovitan
0%
Ecosse Milieu 8 Celtic Callum Mcgregor
0%
Pologne Milieu 17 AEK Athénes Damian Szymanski
0%
Roumanie Attaquant 25 CFR Cluj Daniel Birligea
0%
Roumanie Milieu 14 Steaua Bucarest Darius Olaru
0%
Slovénie Défenseur 23 Orlando City David Brekalo
0%
Slovaquie Attaquant 20 Ascoli Dávid Duris
0%
Slovaquie Attaquant 18 Slovan Bratislava David Strelec
0%
Roumanie Milieu 23 Gaziantep Deian Sorescu
0%
Roumanie Attaquant 19 Gaziantep Denis Dragus
0%
Slovaquie Défenseur 3 Copenhague Denis Vavro
0%
Serbie Gardien 12 Chelsea Dorde Petrovic
0%
Serbie Attaquant 10 Fenerbahçe Dusan Tadic
0%
Slovénie Défenseur 13 Gornik Zabrze Erik Janza
0%
Serbie Attaquant 11 Juventus Filip Kostic
0%
Serbie Défenseur 25 Panathinaikos Filip Mladenovic
0%
Roumanie Attaquant 17 Steaua Bucarest Florinel Coman
0%
Roumanie Gardien 1 Gaziantep Florin Nita
0%
Roumanie Attaquant 9 Bari 1908 George Puscas
0%
Ukraine Gardien 1 Dynamo Kyiv Georgiy Bushchan
0%
Ukraine Milieu 14 Shakhtar Donetsk Georgiy Sudakov
0%
Ecosse Défenseur 24 Celtic Greg Taylor
0%
Slovaquie Gardien 23 New England Henrich Ravas
0%
Roumanie Gardien 12 Atletico Madrid Horatiu Moldovan
0%
Slovénie Gardien 16 VB Igor Vekic
0%
Roumanie Défenseur 5 Palermo Ionut Nedelcearu
0%
Serbie Milieu 17 Torino Ivan Ilic
0%
Slovaquie Attaquant 26 Slavia Prague Ivan Schranz
0%
Ecosse Défenseur 13 Al-Ettifaq Jack Hendry
0%
Pologne Défenseur 14 Arsenal Jakub Kiwior
0%
Pologne Milieu 6 Ludogorets Jakub Piotrowski
0%
Ecosse Milieu 25 Celtic James Forrest
0%
Slovénie Attaquant 17 Pise Jan Mlakar
0%
Slovénie Milieu 14 Südtirol Jasmin Kurtic
0%
Slovénie Défenseur 5 Sturm Graz Jon Gorenc Stankovic
0%
Slovénie Milieu 26 Maribor Josip Ilicic
0%
Slovaquie Milieu 19 Slovan Bratislava Juraj Kucka
0%
Slovénie Défenseur 3 Alanyaspor Jure Balkovec
0%
Turquie Milieu 22 Galatasaray Kaan Ayhan
0%
Pologne Milieu 26 Bologne Kacper Urbanski
0%
Pologne Milieu 11 Pogon Kamil Grosicki
0%
Pologne Attaquant 7 Hellas Verone Karol Swiderski
0%
Ecosse Milieu 23 Norwich Kenny Mclean
0%
Suisse Attaquant 18 Ludogorets Kwadwo Duah
0%
Slovaquie Milieu 11 Hambourg László Bénes
0%
Ecosse Attaquant 9 Hearts Lawrence Shankland
0%
Serbie Milieu 19 Udinese Lazar Vujadin Samardzic
0%
Suisse Défenseur 2 VFB Stuttgart Leonidas Stergiou
0%
Slovaquie Attaquant 24 Feyenoord Leo Sauer
0%
Ecosse Milieu 18 New York Lewis Morgan
0%
Ecosse Défenseur 16 Leeds United Liam Cooper
0%
Ecosse Gardien 12 Motherwell Liam Kelly
0%
Slovaquie Attaquant 10 Liberec Lubomir Tupta
0%
Serbie Attaquant 8 AC Milan Luka Jovic
0%
Slovaquie Attaquant 17 Sparta Prague Lukás Haraslin
0%
Ukraine Défenseur 4 LASK Maksym Talovierov
0%
Slovaquie Gardien 12 Fulham Marek Rodák
0%
Slovaquie Milieu 21 VFL Bochum Matús Bero
0%
Pologne Attaquant 25 Club Brugge Michal Skoras
0%
Slovénie Défenseur 4 Lech Poznan Miha Blazic
0%
Serbie Milieu 21 AEK Athénes Mijat Gacinovic
0%
Serbie Défenseur 13 Werder Breme Milos Veljkovic
0%
Ukraine Attaquant 10 Chelsea Mykhailo Mudryk
0%
Ukraine Défenseur 22 Shakhtar Donetsk Mykola Matviyenko
0%
Ukraine Milieu 19 Dynamo Kyiv Mykola Shaparenko
0%
Serbie Milieu 5 Getafe Nemanja Maksimovic
0%
Serbie Défenseur 3 TSC Topola Nemanja Stojic
0%
Suisse Défenseur 4 Mönchengladbach Nico Elvedi
0%
Roumanie Milieu 21 Damac Nicolae Stanciu
0%
Roumanie Défenseur 11 U Craiova Nicusor Bancu
0%
Slovénie Milieu 24 Bodo Glimt Nino Zugelj
0%
Suisse Attaquant 9 AC Milan Noah Okafor
0%
Slovaquie Défenseur 6 Salernitana Norbert Gyömbér
0%
Turquie Milieu 5 West Brom.Albion Okay Yokuslu
0%
Ukraine Défenseur 3 Dnipro-1 Oleksandr Svatok
0%
Ukraine Défenseur 24 Dynamo Kyiv Oleksandr Tymchyc
0%
Ukraine Milieu 20 Shakhtar Donetsk Oleksandr Zubkov
0%
Slovaquie Milieu 8 Hellas Verone Ondrej Duda
0%
Slovaquie Milieu 13 KRC Genk Patrik Hrosovský
0%
Pologne Milieu 3 Hellas Verone Pawel Dawidowicz
0%
Serbie Attaquant 18 RB Salzbourg Petar Ratkov
0%
Slovénie Défenseur 20 Sampdoria Petar Stojanovic
0%
Slovaquie Défenseur 2 Hertha Berlin Peter Pekarik
0%
Serbie Gardien 1 Majorque Predrag Rajkovic
0%
Roumanie Milieu 18 Empoli Razvan Marin
0%
Suisse Milieu 11 Lugano Renato Steffen
0%
Slovaquie Attaquant 9 Boavista Róbert Bozenik
0%
Ukraine Attaquant 9 Valence Roman Yaremchuk
0%
Ecosse Défenseur 22 Bristol City Ross Mccrorie
0%
Ukraine Milieu 8 Genoa Ruslan Malinovskyi
0%
Ecosse Attaquant 11 Bournemouth Ryan Christie
0%
Ecosse Défenseur 15 Watford Ryan Porteous
0%
Slovénie Milieu 8 Udinese Sandi Lovric
0%
Ecosse Défenseur 26 Copenhague Scott Mckenna
0%
Slovaquie Défenseur 25 Spartak Trnava Sebastian Kósa
0%
Pologne Milieu 20 Fenerbahçe Sebastian Szymanski
0%
Pologne Défenseur 4 Empoli Sebastian Walukiewicz
0%
Turquie Attaquant 24 Besiktas Semih Kiliçsoy
0%
Serbie Milieu 20 Al-Hilal Sergej Milinkovic-Savic
0%
Ukraine Milieu 5 Westerlo Serhiy Sydorchuk
0%
Suisse Défenseur 3 FSV Mainz Silvan Widmer
0%
Serbie Défenseur 15 Spartak Moscou Srdan Babic
0%
Serbie Milieu 16 Crvena Zvezda Srdjan Mijailovic
0%
Roumanie Gardien 16 Steaua Bucarest Stefan Tarnovanu
0%
Suisse Milieu 14 AEK Athénes Steven Zuber
0%
Serbie Défenseur 2 RB Salzbourg Strahinja Pavlovic
0%
Ecosse Milieu 17 Southampton Stuart Armstrong
0%
Pologne Milieu 13 Jagiellonia Taras Romanczuk
0%
Ukraine Milieu 6 Shakhtar Donetsk Taras Stepanenko
0%
Slovénie Milieu 10 Olimpija Ljubljana Timi Elsnik
0%
Slovaquie Milieu 5 Slavia Prague Tomás Rigo
0%
Slovaquie Attaquant 7 Hellas Verone Tomas Suslov
0%
Slovénie Milieu 15 Sturm Graz Tomi Horvat
0%
Ecosse Attaquant 19 Bristol City Tommy Conway
0%
Pologne Défenseur 15 Kaiserslautern Tymoteusz Puchacz
0%
Turquie Gardien 23 Trabzonspor Ugurcan Cakir
0%
Serbie Défenseur 24 Crvena Zvezda Uros Spajic
0%
Roumanie Attaquant 13 Parme Valentin Mihaila
0%
Ukraine Défenseur 21 Shakhtar Donetsk Valeriy Bondar
0%
Slovénie Défenseur 21 Sochi Vanja Drkusic
0%
Serbie Gardien 23 Torino Vanja Milinkovic-Savic
0%
Roumanie Défenseur 22 CFR Cluj Vasile Mogos
0%
Serbie Milieu 26 Sparta Prague Veljko Birmancevic
0%
Slovaquie Défenseur 15 Hatta Club Vernon De Marco
0%
Slovénie Gardien 12 Apoel Nicosie Vid Belec
0%
Ukraine Attaquant 25 Dynamo Kyiv Vladyslav Vanat
0%
Ukraine Milieu 18 Dynamo Kyiv Volodymyr Brazhko
0%
Ukraine Défenseur 2 Shakhtar Donetsk Yukhum Konoplia
0%
Turquie Attaquant 25 Leicester Yunus Akgün
0%
Slovénie Attaquant 19 Lugano Zan Celar
0%
Ecosse Gardien 21 Hearts Zander Clark
0%
Slovénie Défenseur 2 Celje Zan Karnicnik
0%
Slovénie Attaquant 18 Bordeaux Zan Vipotnik
0%
Suisse Attaquant 25 Burnley Zeki Amdouni
0%
Aucun quiz correspondant
Distribution des résultats
% des personnes avec chaque résultat
Percentile par nombre de réponses
Votre historique - résultats
Vous n’avez pas pris ce quiz